First Three Films (Directors) Quiz Stats

 Plays Quiz Updated Feb 27, 2020

Support Sporcle.
Go Orange.
Score 0/48 Timer 16:00
1 Play Today
Director % Correct
Quentin TarantinoPulp Fiction
81.8%
Quentin TarantinoReservoir Dogs
74.5%
Steven SpielbergJaws
69.5%
Sofia CoppolaLost in Translation
68.5%
Christopher NolanMemento
64.2%
Quentin TarantinoJackie Brown
60.8%
Sam MendesAmerican Beauty
51.5%
Wes AndersonRushmore
51.3%
David FincherSe7en
51%
Steven SpielbergClose Encounters of the Third Kind
50.3%
Wes AndersonThe Royal Tenenbaums
48.9%
Darren AronofskyRequiem for a Dream
47.8%
Martin ScorseseMean Streets
47.7%
Wes AndersonBottle Rocket
47.4%
Darren AronofskyPi
46.9%
Sofia CoppolaThe Virgin Suicides
44.4%
Paul Thomas AndersonMagnolia
44.2%
Joel CoenBlood Simple.
43.9%
Paul Thomas AndersonBoogie Nights
43.8%
Brad BirdThe Incredibles
43.4%
Joel CoenRaising Arizona
43.3%
Spike JonzeBeing John Malkovich
39.3%
Christopher NolanInsomnia
38.1%
Sofia CoppolaMarie Antoinette
35.4%
Director % Correct
David FincherAlien 3
34.1%
Joel CoenMiller's Crossing
32.4%
Darren AronofskyThe Fountain
32%
Spike JonzeAdaptation.
31.7%
Christopher NolanFollowing
31.3%
Woody AllenBananas
30.4%
Stanley KubrickThe Killing
28.4%
Sam MendesRoad to Perdition
27%
Alexander PayneElection
26.5%
David FincherThe Game
26.4%
Paul Thomas AndersonHard Eight
24.8%
Brad BirdRatatouille
23.9%
Brad BirdThe Iron Giant
23.8%
Spike JonzeWhere the Wild Things Are
23.6%
Steven SpielbergSugarland Express
23.1%
Martin ScorseseBoxcar Bertha
19.8%
Alexander PayneAbout Schmidt
18.7%
Woody AllenTake the Money and Run
17.9%
Woody AllenWhat's Up, Tiger Lily?
16.8%
Stanley KubrickThe Killer's Kiss
16.6%
Sam MendesJarhead
16.2%
Martin ScorseseWho's That Knocking at My Door
12.4%
Stanley KubrickFear and Desire
12.1%
Alexander PayneCitizen Ruth
11.4%

From the Vault

Movement in Movie Titles

by JoeBeta

Movies 6m
They're called motion pictures for a reason.
Remove Ads.
Support Sporcle.
Get the best of Sporcle when you Go Orange. This ad-free experience offers more features, more stats, and more fun while also helping to support Sporcle. Thank you for becoming a member.

Show Comments

Extras

Top Quizzes Today


Score Distribution

Your Account Isn't Verified!

In order to create a playlist on Sporcle, you need to verify the email address you used during registration. Go to your Sporcle Settings to finish the process.

Report this User

Report this user for behavior that violates our Community Guidelines.

Details: